| 000 -Cabecera (24) |
| Campo de control interno |
00814nam a2200265Ia 4500 |
| 001 - Número de control |
| Campo de control |
ESSALUD16596 |
| 005 - Fecha y hora de la |
| Campo de control |
20230309104538.0 |
| 007 - Tipo material - Descripcion fisica - info general |
| Tipo material |
ta |
| 008 - Códigos de longitud fija (40p) |
| Campo de control de longitud fija |
200105s2004||||pe |||||||||||||| ||spa|| |
| 040 ## - Origen de la Catalogacion |
| Origen de la Catalogacion |
ESSALUD |
| 041 ## - Código de idioma (R) |
| Código de lengua del texto/banda sonora o título independiente (R) |
spa |
| 043 ## - Pais ISO |
| País ISO |
pe |
| 082 ## - Número de la Clasificación |
| Clasificación Dewey |
070.1 |
| Codigo Cutter |
E78 |
| 110 ## - Autor Corporativo |
| Nombre de entidad corporativa o nombre de jurisdicción como elemento inicial (NR |
Perú. Seguro Social de Salud (EsSalud). Sub Gerencia de Informaciones |
| Rol del autor |
autor |
| 9 (RLIN) |
44564 |
| 245 #0 - Titulo |
| Titulo |
Manual de prensa. |
| 250 ## - Mencion de edicion |
| Mencion de edicion |
1 ed. |
| 260 ## - Editorial |
| Ciudad |
Lima |
| Nombre de la Editorial |
EsSalud |
| Fecha |
2004 |
| 300 ## - Descripcion |
| Páginas |
28 páginas |
| 650 ## - Temas - Descriptores |
| Temas - Descriptores |
MEDIOS DE COMUNICACIÓN DE MASAS |
| 9 (RLIN) |
856 |
| 650 ## - Temas - Descriptores |
| Temas - Descriptores |
RELACIONES COMUNIDAD-INSTITUCIÓN |
| 9 (RLIN) |
43115 |
| 650 ## - Temas - Descriptores |
| Temas - Descriptores |
PUBLICACIONES |
| 9 (RLIN) |
1053 |
| 650 ## - Temas - Descriptores |
| Temas - Descriptores |
SEGURIDAD SOCIAL |
| 9 (RLIN) |
2070 |
| 856 ## - URL - Ubicacion |
| URI/URL |
<a href="https://drive.google.com/file/d/1BynJvH7EBQgKk74u_T9esisLEQn3jB4F/view?usp=sharing">https://drive.google.com/file/d/1BynJvH7EBQgKk74u_T9esisLEQn3jB4F/view?usp=sharing</a> |
| 942 ## - Datos personalizados Koha |
| Tipo de Documento |
Libros |
| Fecha procesamiento |
2023-03-09 |
| Documentalista |
gsp, AFC |